000 00299nam a22001337a 4500
008 180315b xxu||||| |||| 00| 0 eng d
020 _a9780028645971
041 _aeng
080 _22nd
_a78
100 _a45
101 _aMUZ
245 _aA complete guide to brass
_cWhitener,S
942 _2udc
_cBK
999 _c45108
_d45108